000 00544nam a2200217Ia 4500
003 OSt
005 20220928150255.0
006 a|||||r|||| 00| 0
007 ta
008 220927b |||||||| |||| 00| 0 eng d
024 _a89357
037 _cTextual
040 _aSDCL
_cSDCL
_beng
041 _2eng
_aeng
082 _aQ1:24:g, M6.1
100 _aTripathi Chandrabali
_9504449
245 0 _aUpanishada rahasya.
260 _c1986
942 _hQ1:24:g, M6.1
_cTEXL
_2CC
999 _c841015
_d841015